00525nam a2200157 a 450000100100000000500170001000800410002702000180006804000250008610000280011124500450013926000400018430000210022495201050024599900170035000004229420201002040048.0131122s2013 cu 000 0 spa d a9789591108388 aDO-SdBNPbspacBNPHU1 aCarrera, Félix96934313aLa vida al otro lado /cFélix Carrera. aSantiago de Cuba :bOriente,c2013. a203 p. ;c20 cm. 001050718MOaGRbGRcCTd2013-11-22iLF1l0o p42294-10r2020-06-25w2020-06-25y1ZNo se presta c41783d41783